Comportamiento tributario de una muestra de contribuyentes profesionales, sector medico de Bogotá / (Registro nro. 7653)

Detalles MARC
000 -LEADER
fixed length control field 01073nam a2200253Ia 4500
003 - CONTROL NUMBER IDENTIFIER
control field OSt
005 - DATE AND TIME OF LATEST TRANSACTION
control field 20210511122240.0
008 - FIXED-LENGTH DATA ELEMENTS--GENERAL INFORMATION
fixed length control field 210310s1973 ck ad gr 000 0 spa d
040 ## - CATALOGING SOURCE
Original cataloging agency CO-JMCR
Transcribing agency CO-JMCR
041 0# - LANGUAGE CODE
Language code of text/sound track or separate title spa
082 04 - DEWEY DECIMAL CLASSIFICATION NUMBER
Classification number 336.206 /
Item number R696c
Edition number 23
100 1# - MAIN ENTRY--PERSONAL NAME
Personal name Rodríguez V., Gregorio,
9 (RLIN) 15013
Dates associated with a name investigador
245 10 - TITLE STATEMENT
Title Comportamiento tributario de una muestra de contribuyentes profesionales, sector medico de Bogotá /
Statement of responsibility, etc. Gregorio Rodríguez V., Javier Vásquez Carmona, José Elías Awad [y otros 3]
260 ## - PUBLICATION, DISTRIBUTION, ETC.
Place of publication, distribution, etc. Bogotá :
Name of publisher, distributor, etc. ESAP,
Date of publication, distribution, etc. 1973
300 ## - PHYSICAL DESCRIPTION
Extent 107 Páginas :
Other physical details ilustraciones y gráficas a blanco y negro ;
Dimensions 28 cm.
490 0# - SERIES STATEMENT
Series statement Documento Cidi ;
Volume/sequential designation 024
500 ## - GENERAL NOTE
General note Incluye notas a pie de página.
505 0# - FORMATTED CONTENTS NOTE
Formatted contents note Antecedentes generales -- Resultados de la investigación
650 14 - SUBJECT ADDED ENTRY--TOPICAL TERM
Topical term or geographic name entry element Impuestos
9 (RLIN) 15059
General subdivision Investigaciones
650 24 - SUBJECT ADDED ENTRY--TOPICAL TERM
Topical term or geographic name entry element Comportamiento tributario
General subdivision sector médico
Geographic subdivision Bogotá(Colombia)
9 (RLIN) 37542
700 1# - ADDED ENTRY--PERSONAL NAME
Personal name Carmona, Javier Vásquez,
Relator term investigador
9 (RLIN) 37543
700 1# - ADDED ENTRY--PERSONAL NAME
Personal name Awad, José Elías,
Relator term investigador
9 (RLIN) 37544
942 ## - ADDED ENTRY ELEMENTS (KOHA)
Source of classification or shelving scheme Dewey Decimal Classification
Koha item type Books
Existencias
Withdrawn status Lost status Source of classification or shelving scheme Damaged status Not for loan Collection code Home library Current library Date acquired Source of acquisition Full call number Barcode Date last seen Copy number Koha item type
    Dewey Decimal Classification     Non-fiction Biblioteca Pública José María del Castillo y Rada Biblioteca Pública José María del Castillo y Rada 04/15/2018 Donación 336.206 / R696c 430003414 05/16/2024 Ej.1 Books